[Event "49th Italian Teams 2017"]
[Site "Gallipoli ITA"]
[Date "2017.04.30"]
[Round "5.6"]
[White "Ramondino,R"]
[Black "Tomba,I"]
[Result "0-1"]
[WhiteElo "2190"]
[BlackElo "2265"]

1.e4 c5 2.Nf3 d6 3.d4 cxd4 4.Nxd4 Nf6 5.Nc3 a6 6.Bg5 Nbd7 7.Qe2 Qa5 8.f4 h6
9.Bh4 e5 10.Nb3 Qc7 11.g3 Be7 12.Bg2 O-O 13.O-O-O b5 14.Rhe1 b4 15.Bxf6 Nxf6
16.Nd5 Nxd5 17.exd5 Bf6 18.fxe5 Bxe5 19.Nd4 a5 20.Qh5 Qc4 21.Kb1 a4 22.Re4 Qc5
23.Nc6 Bxb2 24.Kxb2 Qc3+ 25.Kb1 b3 26.Qe2 Ba6 27.Qd2 bxa2+ 28.Kxa2 Bc4+
29.Rxc4 Qxc4+ 30.Ka1 Qc5 31.Qd3 Rfe8 32.Be4 a3 33.c4 Qf2 34.Qc2 Qf6+ 35.Nd4
Rab8 36.Bh7+ Kh8 37.Qf5 Re1 38.Qxf6 Rxd1+ 39.Ka2 gxf6 40.Nc6 Rd2+ 41.Ka1 Re8
{#R} 0-1

[Event "49th Italian Teams 2017"]
[Site "Gallipoli ITA"]
[Date "2017.04.30"]
[Round "6.1"]
[White "Altini,N"]
[Black "Brunello,S"]
[Result "0-1"]
[WhiteElo "2415"]
[BlackElo "2563"]

1.d4 Nf6 2.c4 g6 3.Nc3 d5 4.cxd5 Nxd5 5.Bd2 Bg7 6.e4 Nxc3 7.Bxc3 O-O 8.Nf3 Bg4
9.Be2 c5 10.d5 Bxc3+ 11.bxc3 e6 12.O-O exd5 13.exd5 Nd7 14.Rb1 Nb6 15.c4 Bxf3
16.Bxf3 Nxc4 17.Rxb7 Nd6 18.Rb3 Qf6 19.Qc2 c4 20.Re3 Rfb8 21.Rc3 Rb6 22.Be2
Rab8 23.Bxc4 Rc8 24.Rc1 Rxc4 25.Rxc4 Rb2 26.Rc8+ Kg7 {#R} 0-1

[Event "49th Italian Teams 2017"]
[Site "Gallipoli ITA"]
[Date "2017.04.30"]
[Round "6.2"]
[White "Piscopo,P"]
[Black "Rombaldoni,D"]
[Result "0-1"]
[WhiteElo "2399"]
[BlackElo "2479"]

1.e4 e5 2.Nf3 d6 3.d4 exd4 4.Nxd4 Nf6 5.Bd3 g6 6.c4 Bg7 7.Nc3 O-O 8.O-O Nc6
9.Nc2 Ng4 10.Be2 Qh4 11.h3 Bxc3 12.bxc3 Nf6 13.Nd4 Nxe4 14.Nxc6 bxc6 15.Bf3 f5
16.Qd4 Be6 17.c5 Qf6 18.Bxe4 Qxd4 19.cxd4 fxe4 20.Re1 Bd5 21.Ba3 Rf6 22.Rab1
Bxa2 23.Rb7 d5 24.Rxc7 Bc4 25.Bc1 a5 26.Bg5 Rf7 27.Rxc6 a4 28.Rb6 a3 29.Bh4 a2
30.Ra1 e3 31.f3 Rfa7 32.Bg5 Ra3 33.c6 R3a6 34.Rxa6 Rxa6 35.c7 Rc6 36.Bxe3 Rxc7
37.Kf2 Ra7 38.g4 Bd3 {#R} 0-1

[Event "49th Italian Teams 2017"]
[Site "Gallipoli ITA"]
[Date "2017.04.30"]
[Round "6.3"]
[White "Xia,J"]
[Black "Basso,Pier Luigi"]
[Result "0-1"]
[WhiteElo "2286"]
[BlackElo "2447"]

1.d4 d5 2.Nf3 Nf6 3.g3 e6 4.Bg2 Be7 5.O-O O-O 6.Nbd2 b5 7.Re1 Bb7 8.c3 Nbd7
9.a4 a6 10.Qb3 c5 11.Ne5 c4 12.Qc2 Nxe5 13.dxe5 Nd7 14.axb5 axb5 15.Rxa8 Qxa8
16.Nf3 b4 17.Bf4 Qa2 18.Qc1 Nc5 19.Bg5 Bxg5 20.Nxg5 h6 21.Nh3 b3 22.Nf4 Na4
23.Nh5 Qxb2 24.Qf4 Qxc3 25.Rf1 b2 26.e4 dxe4 27.h4 e3 {#R} 0-1

[Event "49th Italian Teams 2017"]
[Site "Gallipoli ITA"]
[Date "2017.04.30"]
[Round "6.4"]
[White "Colmenares,A"]
[Black "Damia,A"]
[Result "0-1"]
[WhiteElo "2377"]
[BlackElo "2417"]

1.e4 Nc6 2.Nf3 Nf6 3.e5 Nd5 4.d4 d6 5.c4 Nb6 6.Nc3 Bg4 7.exd6 cxd6 8.Be3 g6
9.h3 Bxf3 10.Qxf3 Bg7 11.Rd1 O-O 12.c5 dxc5 13.dxc5 Nd7 14.Qd5 Nf6 15.Qb3 Qa5
16.Bd3 Qb4 17.Qxb4 Nxb4 18.Ke2 Rac8 19.Bb1 e6 20.Na4 Nfd5 21.Bd2 Na6 22.Rc1
Bd4 23.Rc4 Bxc5 24.Rhc1 b6 25.b4 Ndxb4 26.Bxb4 Nxb4 27.Nxc5 Rxc5 28.Rxc5 bxc5
29.Rxc5 Rb8 30.a3 Nd5 31.Be4 Rb2+ 32.Kf3 Rb3+ 33.Ke2 {#R} 0-1

[Event "49th Italian Teams 2017"]
[Site "Gallipoli ITA"]
[Date "2017.04.30"]
[Round "6.5"]
[White "Amato,A"]
[Black "Djuric,S"]
[Result "1-0"]
[WhiteElo "2261"]
[BlackElo "2429"]

1.Nf3 Nf6 2.c4 g6 3.Nc3 d5 4.cxd5 Nxd5 5.Qa4+ Bd7 6.Qh4 Nf6 7.d4 Bg4 8.e4 Bxf3
9.gxf3 Bg7 10.Be3 O-O 11.Rd1 c6 12.Bc4 Nbd7 13.Bb3 Nb6 14.f4 e6 15.Rg1 a5
16.a3 a4 17.Ba2 Ra5 18.f3 Re8 19.Qf2 Nfd7 20.Kf1 Qc7 21.h4 Kh8 22.Rg5 Nc8
23.h5 Nf6 24.hxg6 fxg6 25.Re5 Nh5 26.Rxe6 Rf8 27.Ne2 Qd7 28.Qh2 c5 29.f5 Ne7
30.Nf4 cxd4 31.Nxh5 gxh5 32.Bg5 Ng8 33.Kg1 d3 34.Rd6 Qb5 35.R6xd3 Qc5+ 36.Be3
Qe7 37.Rd7 Qe8 38.Qc7 Rfxf5 39.Rxg7 Rf8 40.Rxh7# 1-0

[Event "49th Italian Teams 2017"]
[Site "Gallipoli ITA"]
[Date "2017.04.30"]
[Round "6.5"]
[White "Sebastianelli,Di"]
[Black "Ferro,Ma"]
[Result "0-1"]
[WhiteElo "2328"]
[BlackElo "2272"]

1.d4 d5 2.Nc3 Nf6 3.Bg5 Nbd7 4.Qd3 h6 5.Bh4 e6 6.e4 dxe4 7.Nxe4 Be7 8.Nxf6+
Bxf6 9.Bxf6 Qxf6 10.Nf3 g5 11.O-O-O b6 12.h4 Qf4+ 13.Kb1 g4 14.Ne5 Nxe5
15.dxe5 O-O 16.Qc3 Bb7 17.Be2 c5 18.f3 Rad8 19.fxg4 Bxg2 20.Rhg1 Rxd1+ 21.Rxd1
Qf2 22.Qe1 Qxe1 23.Rxe1 Rd8 24.c3 Rd5 25.Bd1 Rd3 26.Kc1 Rh3 27.Rg1 Bd5 28.g5
Rxh4 29.gxh6+ Kf8 30.a3 Rxh6 31.Re1 Rh2 32.Bc2 Bf3 33.Re3 Bh5 34.Re1 Kg7
35.Rg1+ Bg6 36.Bxg6 fxg6 37.Rd1 g5 38.Rd6 g4 39.Rxe6 g3 {#R} 0-1

[Event "49th Italian Teams 2017"]
[Site "Gallipoli ITA"]
[Date "2017.04.30"]
[Round "6.5"]
[White "Varriale,Luca"]
[Black "Pedini,D"]
[Result "0-1"]
[WhiteElo "2167"]
[BlackElo "2282"]

1.d4 f5 2.Nc3 Nf6 3.Bg5 d5 4.Bxf6 exf6 5.e3 c6 6.Bd3 Bd6 7.Qf3 g6 8.Nge2 Na6
9.h4 Nb4 10.Nf4 Qe7 11.a3 Nxd3+ 12.Nxd3 Bd7 13.Na4 b6 14.b4 Rc8 15.Rc1 O-O
16.O-O Kh8 17.Nab2 Qe4 18.Qxe4 fxe4 19.Ne1 c5 20.c4 cxb4 21.axb4 Bxb4 22.Nc2
Bc3 23.Nd1 Bd2 24.Ra1 a5 {#R} 0-1

[Event "10th Italian Teams w 2017"]
[Site "Gallipoli ITA"]
[Date "2017.04.30"]
[Round "6.1"]
[White "Gueci,Tea"]
[Black "Paolillo,Gaia"]
[Result "1-0"]
[WhiteElo "2132"]
[BlackElo "2011"]

1.e4 e6 2.d4 d5 3.Nd2 f5 4.exf5 exf5 5.Ngf3 Bd6 6.Bd3 Nf6 7.O-O O-O 8.c4 Nc6
9.Nb3 a5 10.a4 b6 11.c5 Be7 12.Bb5 Nb4 13.Bd2 c6 14.Bxb4 cxb5 15.axb5 Bd7
16.Qe2 axb4 17.Rxa8 Qxa8 18.c6 Qd8 19.cxd7 Qxd7 20.Ne5 Qd6 21.Rc1 Re8 22.Rc6
Qd8 23.Nc1 Bd6 24.Ncd3 b3 25.Qd1 Bxe5 26.dxe5 Ng4 27.f4 Qh4 28.h3 Ne3 29.Qf3
d4 30.Rxb6 Rc8 31.Rc6 Ra8 32.Ra6 Rc8 33.Ra8 Rxa8 34.Qxa8+ Kf7 35.Qb7+ Kg6
36.e6 Qg3 37.e7 Kf7 38.Ne5+ Kf6 39.e8=N+ Ke6 40.Qd7# 1-0

[Event "TCh-BEL 2016-17"]
[Site "Belgium BEL"]
[Date "2017.04.30"]
[Round "11.5"]
[White "Le Quang,K"]
[Black "Spaan,N"]
[Result "0-1"]
[WhiteElo "2301"]
[BlackElo "2098"]

1.c4 Nf6 2.Nc3 d6 3.g3 e5 4.Bg2 Nbd7 5.d3 Be7 6.e4 a5 7.Nge2 Nc5 8.O-O O-O
9.h3 c6 10.Be3 Ne8 11.d4 exd4 12.Nxd4 Nc7 13.Qc2 Be6 14.b3 Qc8 15.Kh2 N7a6
16.Rad1 a4 17.Qb1 axb3 18.axb3 Nb4 19.Rd2 Ra3 20.Na2 Nxa2 21.Rxa2 Qa8 22.Rxa3
Qxa3 23.b4 Nd3 24.Nxe6 fxe6 25.b5 c5 26.f4 Qc3 27.e5 dxe5 28.Be4 Rd8 29.fxe5
Qxe5 30.Rf4 Nxf4 31.Bxf4 Qd4 32.Bxh7+ Kh8 33.h4 e5 34.Qg6 Qf2+ 35.Kh3 exf4
{#R} 0-1

[Event "TCh-BEL 2016-17"]
[Site "Belgium BEL"]
[Date "2017.04.30"]
[Round "11.6"]
[White "Ackaert,T"]
[Black "Sclacmender,J"]
[Result "0-1"]
[WhiteElo "2075"]
[BlackElo "2204"]

1.e4 c5 2.b4 cxb4 3.Bb2 Nc6 4.d4 d5 5.exd5 Qxd5 6.c4 bxc3 7.Nxc3 Qa5 8.Nf3 e6
9.a3 Nf6 10.Bd3 Be7 11.O-O O-O 12.Re1 Rd8 13.Ne4 Bd7 14.Qe2 Nd5 15.Bc1 h6
16.Rb1 Qc7 17.Ne5 f5 18.Nxd7 Qxd7 19.Nc5 Bxc5 20.Rxb7 Qxb7 21.Qxe6+ Qf7
22.Qxc6 Rac8 23.Qb5 Bb6 24.Bc4 Qd7 25.Qb3 Kh8 26.Bb2 Qc6 27.Bf1 Qc2 28.Qb5 a6
29.Qd3 Qxb2 30.Qxf5 Rf8 {#R} 0-1

[Event "TCh-BEL 2016-17"]
[Site "Belgium BEL"]
[Date "2017.04.30"]
[Round "11.7"]
[White "Piacentini,C"]
[Black "Baeten,O"]
[Result "1-0"]
[WhiteElo "2162"]
[BlackElo "1917"]

1.e4 c5 2.Nf3 e6 3.d4 cxd4 4.Nxd4 a6 5.Bd3 Nf6 6.O-O Qc7 7.Nd2 Bd6 8.N2f3 h5
9.Re1 Ng4 10.h3 Ne5 11.Nxe5 Bxe5 12.Nf3 Bd6 13.e5 Bc5 14.Ng5 d6 15.Bf4 d5
16.c3 Bd7 17.Qc2 Bb5 18.Bg6 Rf8 19.Nxe6 {#r} 1-0

[Event "TCh-BEL 2016-17"]
[Site "Belgium BEL"]
[Date "2017.04.30"]
[Round "11.8"]
[White "Sohet,Cedric"]
[Black "Gillot,Florent"]
[Result "1-0"]
[WhiteElo "1709"]
[BlackElo "1874"]

1.d4 Nf6 2.Nf3 e6 3.c3 b6 4.Bg5 Bb7 5.Nbd2 d5 6.e3 Be7 7.Bd3 Nbd7 8.O-O O-O
9.Ne5 Ne4 10.Bf4 Nxe5 11.Bxe5 f6 12.Bf4 Bd6 13.Bxd6 Qxd6 14.Qc2 Nxd2 15.Qxd2
e5 16.f3 Rae8 17.Qc2 h6 18.Bg6 Re7 19.Qf5 Bc8 20.dxe5 fxe5 21.Bh7+ Kh8 {#r}
1-0

[Event "TCh-BEL 2016-17"]
[Site "Belgium BEL"]
[Date "2017.04.30"]
[Round "11.5"]
[White "Offringa,Joo"]
[Black "Jakubiec,A"]
[Result "0-1"]
[WhiteElo "2302"]
[BlackElo "2503"]

1.c4 e5 2.g3 Nf6 3.Bg2 c6 4.d4 d6 5.Nc3 Be7 6.e4 O-O 7.Nge2 a6 8.a4 a5 9.O-O
Na6 10.h3 Nd7 11.Be3 Nb4 12.Na2 Na6 13.Qc2 exd4 14.Nxd4 Ndc5 15.g4 Re8 16.Rad1
Bf8 17.Bf4 Qb6 18.Rfe1 Be6 19.Re3 Rad8 20.Bg3 Bc8 21.Kh1 g6 22.Bh4 Rd7 23.Bf6
Be7 24.e5 dxe5 25.Bxe5 Bf8 26.Rde1 Rxe5 27.Rxe5 Rxd4 28.Nc3 Nd3 {#R} 0-1

[Event "TCh-BEL 2016-17"]
[Site "Belgium BEL"]
[Date "2017.04.30"]
[Round "11.7"]
[White "Diepeveen,V"]
[Black "Sammalvuo,T"]
[Result "0-1"]
[WhiteElo "2305"]
[BlackElo "2427"]

1.e4 e5 2.Nf3 Nc6 3.d4 exd4 4.Nxd4 Nf6 5.Nc3 Bb4 6.Nxc6 bxc6 7.Bd3 d5 8.exd5
cxd5 9.O-O O-O 10.Bg5 c6 11.h3 Re8 12.Qf3 Bd6 13.Rad1 Be5 14.Rfe1 Qd6 15.Na4
Bd7 16.c4 h6 17.c5 Qc7 18.Bd2 Re7 19.Re3 d4 20.Ree1 Be6 21.Qe2 Bg4 22.hxg4
Bh2+ 23.Kf1 Rxe2 24.Bxe2 Bf4 25.g3 Bxg3 26.Bf3 Bf4 27.Bb4 Rd8 28.b3 Nh7 29.Nb2
Ng5 30.Bg2 a5 31.Ba3 Qc8 32.f3 f5 {#R} 0-1

[Event "TCh-BEL 2016-17"]
[Site "Belgium BEL"]
[Date "2017.04.30"]
[Round "11.1"]
[White "Cekro,E"]
[Black "Bok,B"]
[Result "0-1"]
[WhiteElo "2408"]
[BlackElo "2594"]

1.c4 g6 2.g3 Bg7 3.Bg2 Nf6 4.Nc3 O-O 5.e4 c5 6.Nge2 Nc6 7.d3 d6 8.h3 a6 9.O-O
Rb8 10.Be3 b5 11.Qd2 bxc4 12.dxc4 Ne5 13.b3 Bxh3 14.f4 Bxg2 15.Kxg2 Neg4
16.Rad1 Qc7 17.Qd3 Qb7 18.Kh3 a5 19.Bd2 h5 20.Ng1 a4 21.Rb1 axb3 22.Rxb3 Qd7
23.Kg2 Rxb3 24.axb3 Rb8 25.Rb1 e6 26.Nf3 Qc6 27.Be1 Ra8 28.Kg1 Ra6 29.Bd2 Qb7
30.Be1 Ra8 31.Bd2 Ra3 32.Nb5 Nxe4 33.Nxa3 Nxd2 34.Nxd2 Bd4+ 35.Kf1 Qh1+ 36.Ke2
Qg2+ 37.Ke1 Qf2+ {#R} 0-1

[Event "TCh-BEL 2016-17"]
[Site "Belgium BEL"]
[Date "2017.04.30"]
[Round "11.2"]
[White "Burg,T"]
[Black "Wantiez,F"]
[Result "1-0"]
[WhiteElo "2495"]
[BlackElo "2339"]

1.e4 e5 2.Nf3 Nc6 3.Bb5 a6 4.Ba4 d6 5.c3 Bd7 6.O-O Nge7 7.d4 Ng6 8.Be3 Be7
9.d5 Nb8 10.c4 O-O 11.Bxd7 Qxd7 12.Nc3 f5 13.exf5 Qxf5 14.Nd2 Nh4 15.g3 Qg6
16.Kh1 Nf5 17.Nde4 b5 18.cxb5 axb5 19.Qd3 Na6 20.Qxb5 Rfb8 21.Qd7 Rxb2 22.Rab1
Rxb1 23.Rxb1 Qg4 24.Qc6 Rf8 25.Ba7 Nc5 26.Bxc5 dxc5 27.Qe6+ Kh8 28.Qxe5 Bd6
29.Nxd6 Qf3+ 30.Kg1 Nh4 31.Nf7+ Qxf7 32.Qe3 Nf3+ 33.Kg2 Nd4 34.Rb7 h6 35.a4
Nc2 36.Qf4 Qe8 37.Qxc7 Rxf2+ 38.Kxf2 Qe1+ 39.Kg2 Ne3+ 40.Kf3 Qxc3 41.Qxg7+
{#r} 1-0

[Event "TCh-BEL 2016-17"]
[Site "Belgium BEL"]
[Date "2017.04.30"]
[Round "11.6"]
[White "Broekmeulen,Ja"]
[Black "Pierard,F"]
[Result "1-0"]
[WhiteElo "2384"]
[BlackElo "2091"]

1.b3 d5 2.Bb2 Nf6 3.e3 Bf5 4.f4 e6 5.Nf3 c5 6.Be2 Nc6 7.Nh4 Bg6 8.O-O d4
9.Nxg6 hxg6 10.Bf3 Qd7 11.Na3 Nd5 12.Nc4 O-O-O 13.Qe2 Qc7 14.g3 Be7 15.h4 b5
16.Na3 a6 17.e4 Nb6 18.e5 Qd7 19.Qe4 Kc7 20.c3 d3 21.Rac1 Qd5 22.Qe3 Qd7
23.Be4 c4 24.Nb1 Na5 25.Ba3 Bxa3 26.Nxa3 Qe7 27.b4 Nc6 28.Ra1 Nd5 29.Qf2 Nb6
30.Nb1 Rb8 31.a4 Nxa4 32.Rxa4 bxa4 33.Na3 a5 34.Nxc4 axb4 35.cxb4 Qxb4 36.Rc1
Kd7 37.Bxc6+ Kxc6 38.Nd6+ Kd7 39.Qa7+ {#r} 1-0

[Event "TCh-BEL 2016-17"]
[Site "Belgium BEL"]
[Date "2017.04.30"]
[Round "11.7"]
[White "Jimenez,Mart"]
[Black "Umudova,N"]
[Result "1-0"]
[WhiteElo "2027"]
[BlackElo "2267"]

1.d4 Nf6 2.Nf3 e6 3.Nbd2 c5 4.e3 b6 5.Bd3 Bb7 6.b3 cxd4 7.exd4 Nd5 8.O-O Nf4
9.Ne4 Qc7 10.Re1 Bb4 11.Bxf4 Qxf4 12.c3 Be7 13.Ne5 h5 14.g3 Qh6 15.Qf3 O-O
16.Nf6+ gxf6 17.Qxb7 fxe5 18.Qxa8 exd4 19.c4 Nc6 20.Qb7 Rd8 21.a3 Na5 22.Qf3
Nxb3 23.Rad1 Bf6 24.Re4 Bg7 25.Rh4 Nc5 {#r} 1-0

[Event "TCh-BEL 2016-17"]
[Site "Belgium BEL"]
[Date "2017.04.30"]
[Round "11.3"]
[White "Pijpers,A"]
[Black "Horvath,Jo1"]
[Result "0-1"]
[WhiteElo "2469"]
[BlackElo "2508"]

1.e4 d6 2.d4 Nf6 3.Nc3 e5 4.Nf3 Nbd7 5.Bc4 exd4 6.Qxd4 Be7 7.Bf4 O-O 8.O-O-O
Nb6 9.Rhe1 Be6 10.Bxe6 fxe6 11.e5 Nfd5 12.exd6 cxd6 13.Nxd5 Nxd5 14.Bg3 Qd7
15.Qg4 Nc7 16.Nd4 Rf6 17.Kb1 Rd8 18.Qe4 e5 19.Ne2 Qc6 20.Qxc6 bxc6 21.Nd4 exd4
22.Rxe7 Nd5 23.Rxa7 Re6 24.a4 c5 25.a5 Rb8 26.Kc1 Rb5 27.c4 dxc3 28.bxc3 c4
29.a6 Ra5 30.Rb7 Ra1+ 31.Kb2 Rxd1 {#R} 0-1

[Event "TCh-BEL 2016-17"]
[Site "Belgium BEL"]
[Date "2017.04.30"]
[Round "11.8"]
[White "Hammes,M"]
[Black "Van Heirzeele,D"]
[Result "1-0"]
[WhiteElo "2323"]
[BlackElo "2124"]

1.d4 Nf6 2.c4 e6 3.Nf3 b6 4.a3 c5 5.d5 Ba6 6.Qc2 exd5 7.cxd5 g6 8.Nc3 Bg7
9.Bf4 d6 10.Qa4+ Qd7 11.Bxd6 Qxa4 12.Nxa4 Nxd5 13.e4 Bxf1 14.Rxf1 Nf6 15.O-O-O
Nc6 16.Nc3 O-O-O 17.Bg3 Nd4 18.Ne5 Rhf8 19.Nc4 Kb7 20.Bh4 Bh6+ 21.Kb1 g5
22.Bg3 Nh5 23.Be5 Nc6 24.Rxd8 Nxd8 25.Rd1 Nc6 26.Rd7+ {#r} 1-0

[Event "TCh-BEL 2016-17"]
[Site "Belgium BEL"]
[Date "2017.04.30"]
[Round "11.1"]
[White "Feygin,M"]
[Black "Chabanon,JL"]
[Result "0-1"]
[WhiteElo "2468"]
[BlackElo "2486"]

1.e4 c6 2.d4 d5 3.e5 Bf5 4.Nf3 e6 5.Be2 Nd7 6.O-O h6 7.a4 Ne7 8.Nbd2 Qc7 9.Nb3
g5 10.a5 Bg7 11.c4 dxc4 12.Bxc4 Rd8 13.Bd2 Ng6 14.Rc1 O-O 15.Qe2 b6 16.Ne1 Qb8
17.Ba6 Ne7 18.Bb4 c5 19.Ba3 Nd5 20.dxc5 bxc5 21.Nxc5 Nxe5 22.Nb7 Nf4 23.Qb5
Rd5 24.Nc5 Qxb5 25.Bxb5 Rb8 26.Ba6 Rd2 27.Na4 Ned3 28.Nxd3 Nxd3 29.Bxd3 Bxd3
30.Rfd1 Rxd1+ 31.Rxd1 Bc2 {#R} 0-1

[Event "TCh-BEL 2016-17"]
[Site "Belgium BEL"]
[Date "2017.04.30"]
[Round "11.4"]
[White "Lai,Hing Ting"]
[Black "Ahn,M"]
[Result "1-0"]
[WhiteElo "2419"]
[BlackElo "2255"]

1.c4 d6 2.g3 g6 3.Bg2 Bg7 4.Nc3 e5 5.e3 Nc6 6.Nge2 Nf6 7.O-O O-O 8.d4 Re8
9.dxe5 dxe5 10.b3 e4 11.Ba3 Bf5 12.Qxd8 Raxd8 13.h3 h5 14.Rad1 Rd3 15.Rxd3
exd3 16.Nf4 g5 17.Nfd5 Nxd5 18.Nxd5 g4 19.hxg4 hxg4 20.Nxc7 Rd8 21.Nd5 Bf8
22.Bxf8 Kxf8 23.Rd1 Ne5 24.Nf4 Rd6 25.Bxb7 d2 26.e4 Nf3+ 27.Kf1 Bh7 28.Bd5 Rh6
29.Ke2 Ke7 30.Ke3 Kd6 31.Bxf7 a5 32.Bh5 Kc5 33.Nd3+ Kb6 34.Bxg4 Ng5 35.Bf5
Bxf5 36.exf5 a4 37.Rxd2 Nf7 38.Kf4 a3 39.Ne5 Nxe5 40.Kxe5 Kc5 41.f6 {#r} 1-0

[Event "TCh-BEL 2016-17"]
[Site "Belgium BEL"]
[Date "2017.04.30"]
[Round "11.5"]
[White "Klein,Fe"]
[Black "Vandevoort,P"]
[Result "1-0"]
[WhiteElo "2321"]
[BlackElo "2361"]

1.e4 c5 2.Nf3 d6 3.d4 cxd4 4.Nxd4 Nf6 5.Nc3 Nc6 6.Bg5 e6 7.Qd2 a6 8.O-O-O Bd7
9.Kb1 Be7 10.f3 Rc8 11.Nxc6 Bxc6 12.h4 b5 13.Ne2 Qc7 14.Nd4 Bd7 15.g4 g6
16.Bh3 a5 17.Be3 b4 18.h5 e5 19.Ne2 g5 20.Bxg5 Nxe4 21.fxe4 Bxg5 22.Qxg5 Qxc2+
23.Ka1 Qxe2 24.Qf6 Be6 25.Rxd6 Rf8 26.Rhd1 {#r} 1-0

[Event "TCh-BEL 2016-17"]
[Site "Belgium BEL"]
[Date "2017.04.30"]
[Round "11.7"]
[White "Huesmann,T"]
[Black "Kabos,T"]
[Result "0-1"]
[WhiteElo "2258"]
[BlackElo "2273"]

1.e4 c6 2.d4 d5 3.f3 e5 4.dxe5 Bc5 5.Qe2 Qb6 6.Nh3 Bxh3 7.gxh3 Ne7 8.Nc3 Nd7
9.exd5 O-O-O 10.dxc6 Nxc6 11.Nd5 Qa5+ 12.Bd2 Qa4 13.Qe4 Nd4 14.Ne3 Nxe5 15.Bg2
Rhe8 16.b3 Qa6 17.O-O-O Qxa2 {#R} 0-1

[Event "TCh-BEL 2016-17"]
[Site "Belgium BEL"]
[Date "2017.04.30"]
[Round "11.1"]
[White "Admiraal,M"]
[Black "Leenhouts,K"]
[Result "1-0"]
[WhiteElo "2456"]
[BlackElo "2499"]

1.e4 c5 2.Nf3 e6 3.d4 cxd4 4.Nxd4 Nc6 5.Nc3 Qc7 6.Be3 a6 7.Qf3 Nf6 8.O-O-O Ne5
9.Qg3 b5 10.a3 Bb7 11.Bxb5 Bxa3 12.Bf4 Bd6 13.Nxe6 fxe6 14.Rxd6 Qxd6 15.Bxe5
Qe7 16.Bd6 Qf7 17.Bd3 Rc8 18.Re1 Qg6 19.Qe3 Qxg2 20.f3 Qh3 21.Rg1 Qh6 22.Bf4
Qh5 23.Rxg7 Rg8 24.Rg5 Rxg5 25.Bxg5 Ng8 26.Qf4 Qf7 27.Qg3 Ne7 28.Na4 Qg7
29.Nb6 Rc6 30.Qb8+ Rc8 31.Qg3 Rc6 32.Qb8+ Rc8 33.Qf4 h6 34.Nxc8 Nxc8 35.Bxh6
Qg1+ 36.Kd2 Qf2+ 37.Kd1 Qg1+ 38.Ke2 Qg2+ 39.Ke1 Qg1+ 40.Bf1 d5 41.Qc7 {#r} 1-0

[Event "TCh-BEL 2016-17"]
[Site "Belgium BEL"]
[Date "2017.04.30"]
[Round "11.4"]
[White "Geirnaert,S"]
[Black "Blom,V"]
[Result "1-0"]
[WhiteElo "2436"]
[BlackElo "2288"]

1.d4 d6 2.e4 Nf6 3.f3 d5 4.e5 Nfd7 5.f4 e6 6.Nd2 c5 7.c3 Nc6 8.Ndf3 Be7 9.Bd3
a5 10.Ne2 a4 11.O-O Nb6 12.Rb1 Bd7 13.Be3 c4 14.Bc2 Qc7 15.Kh1 h6 16.Nd2 O-O-O
17.Qe1 f5 18.b3 axb3 19.axb3 cxb3 20.Bd3 Na5 21.Nxb3 Nxb3 22.Rxb3 Nc4 23.Bf2
g5 24.Rb1 Rdg8 25.Ra1 Bc6 26.Ng3 gxf4 27.Nxf5 exf5 28.Ra8+ Qb8 29.Bxf5+ Kc7
30.Rxb8 Kxb8 31.Bg1 Rg5 32.Rxf4 Rf8 33.Qf2 Ba3 34.Bg4 Rfg8 35.h3 h5 36.Bf3 Bc1
37.Rf7 Bd2 38.h4 R5g6 39.Bxh5 Rh6 40.Rf8+ Rxf8 41.Qxf8+ Ka7 42.g4 {#r} 1-0

[Event "TCh-BEL 2016-17"]
[Site "Belgium BEL"]
[Date "2017.04.30"]
[Round "11.6"]
[White "Maenhout,T"]
[Black "Van Vliet,D"]
[Result "1-0"]
[WhiteElo "2392"]
[BlackElo "2082"]

1.c4 e5 2.Nc3 c5 3.g3 Nc6 4.Bg2 g6 5.a3 Bg7 6.b4 Nge7 7.bxc5 O-O 8.Rb1 Rb8
9.Nf3 f5 10.O-O a6 11.Nd5 d6 12.cxd6 Qxd6 13.d4 e4 14.Bf4 Qd8 15.Ne5 Nxe5
16.dxe5 Be6 17.Bg5 Bxd5 18.cxd5 Bxe5 19.f3 Qd6 20.Qb3 Kg7 21.fxe4 b5 22.Rbc1
b4 23.axb4 Rxb4 24.Qc2 Rb2 25.Qd3 Rfb8 26.Bf4 R2b4 27.Kh1 Rd4 28.Qxd4 {#r} 1-0

[Event "TCh-BEL 2016-17"]
[Site "Belgium BEL"]
[Date "2017.04.30"]
[Round "11.7"]
[White "Audenaert,B"]
[Black "Decoster,F"]
[Result "0-1"]
[WhiteElo "2025"]
[BlackElo "2266"]

1.Nf3 g6 2.d4 Nf6 3.g3 Bg7 4.Bg2 O-O 5.c4 d6 6.O-O Nc6 7.Nc3 a6 8.d5 Na5 9.Nd2
c5 10.h3 b5 11.cxb5 axb5 12.Nxb5 Qb6 13.Nc3 Ne8 14.Qc2 Bf5 15.e4 Bc8 16.f4 Ba6
17.Re1 Nc7 18.Kh2 Nb5 19.Nxb5 Bxb5 20.e5 c4 21.Nf3 Nb3 22.axb3 Rxa1 23.bxc4
Ba4 24.Qc3 Qb3 25.Bd2 Rxe1 26.Bxe1 Rc8 27.Bf1 Qa2 28.Kg1 Rb8 29.b4 Bd1 30.Bg2
Bxf3 31.Bxf3 Ra8 32.Bg2 Ra3 33.Qd4 dxe5 34.fxe5 Qe2 35.Qf2 Qxc4 36.d6 exd6
37.Bf1 Qd5 38.b5 Bxe5 39.Qc2 Bd4+ {#R} 0-1

[Event "4NCL 2016-17"]
[Site "Telford ENG"]
[Date "2017.04.30"]
[Round "10.12"]
[White "Wells,P"]
[Black "Grandelius,N"]
[Result "1-0"]
[WhiteElo "2429"]
[BlackElo "2646"]

1.d4 Nf6 2.c4 e6 3.Nf3 d5 4.g3 g6 5.Bg2 Bg7 6.O-O O-O 7.Nc3 c6 8.b3 b6 9.Ba3
Re8 10.Ne5 Bb7 11.e4 c5 12.exd5 exd5 13.Nxd5 Nxd5 14.Qf3 Bxe5 15.dxe5 Rxe5
16.cxd5 Rf5 17.Qc3 Qf6 18.Qd2 Nd7 19.Bb2 Qd6 20.Rfe1 Rd8 21.Rad1 Bc8 22.Qc3 f6
23.f4 b5 24.Bh3 b4 25.Qe3 Nb6 26.Bxf5 Bxf5 27.Qe7 Nxd5 28.Qxd6 Rxd6 29.Bxf6
Be6 30.Bb2 Kf7 31.Re5 Ke7 32.Rc1 Ra6 33.Rxc5 Kd6 34.Rc2 Rxa2 35.Rd2 a5
36.Rexd5+ Bxd5 37.Be5+ {#r} 1-0

[Event "4NCL 2016-17"]
[Site "Telford ENG"]
[Date "2017.04.30"]
[Round "10.22"]
[White "Jones,G"]
[Black "Longson,A"]
[Result "1-0"]
[WhiteElo "2663"]
[BlackElo "2317"]

1.e4 c5 2.Nc3 d6 3.f4 g6 4.Nf3 Bg7 5.Bb5+ Bd7 6.Bc4 Nc6 7.d3 Na5 8.Bd2 Nxc4
9.dxc4 e6 10.Qe2 Ne7 11.O-O-O Qc7 12.f5 O-O-O 13.Bg5 f6 14.fxe6 fxg5 15.exd7+
Rxd7 16.Nb5 Qb6 17.e5 d5 18.cxd5 Rxd5 19.Rxd5 Nxd5 20.Nxg5 Kb8 21.c4 Nb4
22.Rf1 Re8 23.Nf7 a6 24.Nc3 Nc6 25.Nd5 Qa5 26.Kb1 Nxe5 27.Rf4 Ka7 28.Re4 Qa4
29.Nc3 Qd7 30.Nxe5 Bxe5 31.Rxe5 Rxe5 32.Qxe5 Qd3+ 33.Kc1 {#r} 1-0

[Event "4NCL 2016-17"]
[Site "Telford ENG"]
[Date "2017.04.30"]
[Round "10.23"]
[White "Abbas,Daniel"]
[Black "Anton Guijarro,D"]
[Result "0-1"]
[WhiteElo "2270"]
[BlackElo "2646"]

1.e4 e5 2.Nf3 Nc6 3.Bb5 a6 4.Ba4 Nf6 5.O-O Be7 6.Re1 b5 7.Bb3 d6 8.c3 O-O 9.h3
Na5 10.Bc2 c5 11.d4 Nd7 12.Nbd2 Bb7 13.Nf1 exd4 14.cxd4 Re8 15.Rb1 Nc6 16.a3
cxd4 17.b4 Rc8 18.Bb2 Nde5 19.Nxd4 Nc4 20.Nf5 Nxb2 21.Rxb2 Bf8 22.Bb3 g6
23.N5g3 Ne5 24.Rc2 h5 25.Rxc8 Qxc8 26.Qb1 h4 27.Ne2 Bh6 28.a4 Nc4 29.Nd4 Bg7
30.Nf3 Bc3 31.Re2 d5 32.axb5 axb5 33.Qc2 Rxe4 34.Rxe4 dxe4 35.N3d2 Nd6 36.f3
Bd4+ 37.Kh1 Qxc2 38.Bxc2 e3 39.Nxe3 Bxe3 40.Nb3 Bd5 41.Kh2 Kg7 {#R} 0-1

[Event "4NCL 2016-17"]
[Site "Telford ENG"]
[Date "2017.04.30"]
[Round "10.24"]
[White "Edouard,R"]
[Black "Horton,Andrew P"]
[Result "1-0"]
[WhiteElo "2628"]
[BlackElo "2280"]

1.Nf3 Nf6 2.g3 b5 3.Bg2 Bb7 4.Na3 b4 5.Nc4 a5 6.O-O e6 7.d3 d5 8.Nce5 Bd6 9.c4
O-O 10.cxd5 exd5 11.d4 Ne4 12.Bf4 Na6 13.Nd3 Be7 14.Rc1 c5 15.dxc5 Naxc5
16.Nd4 Nxd3 17.exd3 Nc5 18.Nf5 Ne6 19.Re1 Bf6 20.Be5 Bxe5 21.Rxe5 Qf6 22.d4
Rfd8 23.h4 Rd7 24.Qd2 Rad8 25.Bh3 Rc8 26.Rxc8+ Bxc8 27.Ne3 Rd6 28.Bg2 Bb7
29.Qd1 Qd8 30.Qg4 Rd7 31.Nf5 Kf8 32.Bh3 g6 33.Nh6 Bc8 34.Qf3 Nxd4 35.Qf4 Nc6
36.Re6 Rb7 37.Rd6 Qc7 38.Bxc8 Qxc8 39.Qf6 Rc7 40.Rxc6 {#r} 1-0